Методология внедрения Microsoft Active Directory: учебное пособие

Podrobná bibliografie
Hlavní autor: Чижиков Д. В. Дмитрий Викторович
Shrnutí:Курс является обобщением практики внедрения службы Active Directory. Даны необходимые термины, приведена архитектура Active Directory, а также необходимые модели и стратегии. Описаны процессы планирования, проектирования, развертывания и тестирования Active Directory, освещен вопрос миграции данных. В заключение отображены нюансы управления мониторингом Active Directory, а также методы устранения возможных проблем, как при миграции данных, так и при функционировании службы. Книга предназначена как начинающим IT-специалистам, желающим познакомиться с MS Active Direcrory, так и опытным инженерам внедрения, которые хотят углубить свои знания в области проектирования единой службы каталогов.
Jazyk:ruština
Vydáno: Москва, Интернет-ун-т информационных технологий, 2008
Edice:Основы информационных технологий
Témata:
Médium: MixedMaterials Kniha
KOHA link:https://koha.lib.tpu.ru/cgi-bin/koha/opac-detail.pl?biblionumber=157351

MARC

LEADER 00000nam0a2200000 4500
001 157351
005 20231031153725.0
010 |a 9785947749694  |b (в пер.)  |b 2000 экз. 
021 |a RU  |b 08-89246  |9 08-5214 
035 |a (RuTPU)RU\TPU\book\170670 
090 |a 157351 
100 |a 20081210d2008 m y0rusy5002 ca 
101 0 |a rus 
102 |a RU 
105 |a a j 001zy 
200 1 |a Методология внедрения Microsoft Active Directory  |e учебное пособие  |f Д. В. Чижиков 
210 |a Москва  |c Интернет-ун-т информационных технологий  |c БИНОМ. Лаборатория знаний  |d 2008 
215 |a 167 с.  |c ил. 
225 1 |a Основы информационных технологий 
320 |a Предм. указ.: с. 166. 
320 |a Библиогр.: с. 167. 
330 |a Курс является обобщением практики внедрения службы Active Directory. Даны необходимые термины, приведена архитектура Active Directory, а также необходимые модели и стратегии. Описаны процессы планирования, проектирования, развертывания и тестирования Active Directory, освещен вопрос миграции данных. В заключение отображены нюансы управления мониторингом Active Directory, а также методы устранения возможных проблем, как при миграции данных, так и при функционировании службы. Книга предназначена как начинающим IT-специалистам, желающим познакомиться с MS Active Direcrory, так и опытным инженерам внедрения, которые хотят углубить свои знания в области проектирования единой службы каталогов. 
606 0 |a Компьютеры персональные  |x Операционные системы  |x Учебники и пособия  |2 RuMRKP 
606 0 |a Компьютеры персональные  |x Доступ к данным  |x Учебники и пособия  |2 RuMRKP 
606 1 |a Служба Active Directory  |2 stltpush  |3 (RuTPU)RU\TPU\subj\68174 
610 1 |a информационные ресурсы 
610 1 |a доступ 
610 1 |a архитектура 
610 1 |a проектирование 
610 1 |a доменная структура 
610 1 |a датализация 
610 1 |a учетные записи 
610 1 |a сайты 
610 1 |a топология 
610 1 |a репликация 
610 1 |a внедрение 
610 1 |a данные 
610 1 |a миграция 
610 1 |a мониторинг 
610 1 |a неполадки 
610 1 |a устранение 
610 1 |a восстановление 
675 |a 681.3.066  |v 3 
700 1 |a Чижиков  |b Д. В.  |g Дмитрий Викторович 
801 1 |a RU  |b 63413507  |c 20090407  |g PSBO 
801 2 |a RU  |b 63413507  |c 20091224  |g PSBO 
900 |a Информационные технологии 
942 |c BK 
959 |a 45/20090406  |d 1  |e 165,00  |f ЭЧЗ:1